Music Quiz

Random Music or Singers Quiz

Prepositions in Album Titles Quiz Stats

 Plays Quiz Updated Jun 4, 2018

Score 0/20 Timer 03:00
4 Plays Today
% Correct
In
95.5%
Of
95.3%
Like
94.6%
With
94.4%
At
94%
Than
93.2%
Out
92.6%
For
91.6%
After
90.6%
By
86.3%
% Correct
On
84.1%
Down
83.9%
Under
82.9%
About
81.4%
Off
77.7%
As
75.5%
Between
74.3%
Up
66.4%
Through
64.2%
Into
62.2%

You're not logged in!

Compare scores with friends on all Sporcle quizzes.
OR
Log In

You Might Also Like...

Show Comments

Extras

Top Quizzes Today


Score Distribution

Your Account Isn't Verified!

In order to create a playlist on Sporcle, you need to verify the email address you used during registration. Go to your Sporcle Settings to finish the process.

Report this User

Report this user for behavior that violates our Community Guidelines.

Details: